[Event "SportAccord Basque w 2014"]
[Site "Beijing CHN"]
[Date "2014.12.16"]
[Round "3.13"]
[White "Khotenashvili, Bela"]
[Black "Ju, Wenjun"]
[Result "0-1"]
[WhiteTitle "GM"]
[BlackTitle "GM"]
[WhiteElo "2504"]
[BlackElo "2568"]
[WhiteFideId "13602640"]
[BlackFideId "8603006"]
[EventDate "2014.12.16"]

1. d4 d6 2. Nf3 g6 3. e4 Bg7 4. h3 Nf6 5. Bd3 O-O 6. Be3 b6 7. Nc3 Bb7 8. O-O e6
9. Qd2 Re8 10. Bh6 Bh8 11. Rfe1 Nbd7 12. Bg5 e5 13. dxe5 Nxe5 14. Nxe5 dxe5 15.
Qe3 a6 16. Rad1 Qe7 17. Bc4 b5 18. Bd5 c6 19. Bb3 Rad8 20. Qb6 Bg7 21. a4 h6 22.
Be3 Rc8 23. Bc5 Qc7 24. a5 Bf8 25. Qxc7 Rxc7 26. Bb6 Rd7 27. f3 Bc8 28. Na2 Rxd1
29. Rxd1 Nd7 30. Bc7 Nc5 31. Nc1 Re7 32. Bb8 Re8 33. Bc7 Re7 34. Bb6 Re8 35. c3
Be7 36. Bc2 Be6 37. Nd3 Nxd3 38. Rxd3 f6 39. b4 Kf7 40. Kf2 Rc8 41. Bc5 Rd8 42.
Rxd8 Bxd8 43. Bd3 f5 44. Bd6 Bf6 45. g4 fxg4 46. hxg4 Bb3 47. Bf1 Ke6 48. Bf8
Bg5 49. Ke1 Kf6 50. Bc5 h5 51. gxh5 gxh5 52. Bb6 Be6 53. Bd8+ Kg6 54. Bc7 Bf4
55. Kf2 h4 56. Kg2 Bg3 57. Bd6 Kg5 58. Bf8 Be1 59. Be7+ Kf4 60. Bf8 h3+ 61. Kh2
Bg3+ 62. Kh1 0-1

[Event "SportAccord Basque w 2014"]
[Site "Beijing CHN"]
[Date "2014.12.16"]
[Round "3.14"]
[White "Ju, Wenjun"]
[Black "Khotenashvili, Bela"]
[Result "1-0"]
[WhiteTitle "GM"]
[BlackTitle "GM"]
[WhiteElo "2568"]
[BlackElo "2504"]
[WhiteFideId "8603006"]
[BlackFideId "13602640"]
[EventDate "2014.12.16"]

1. c4 e5 2. Nc3 Nc6 3. g3 g6 4. Bg2 Bg7 5. e4 d6 6. Nge2 Nge7 7. d3 Nd4 8. O-O
h5 9. h4 Bg4 10. f3 Be6 11. Nxd4 exd4 12. Ne2 Nc6 13. Bg5 Qd7 14. a3 Bh3 15. Kh2
Bxg2 16. Kxg2 Ne5 17. Nxd4 f6 18. Be3 O-O-O 19. b4 f5 20. b5 fxe4 21. fxe4 Rdf8
22. Qe2 Ng4 23. Bg1 g5 24. Rxf8+ Bxf8 25. hxg5 Qg7 26. Qf3 Qxg5 27. Qf5+ Qxf5
28. Nxf5 Ne5 29. Bd4 Kd7 30. a4 Rg8 31. Bxa7 b6 32. a5 bxa5 33. Rxa5 Nxd3 34.
Bd4 Rg4 35. Ra7 Rxe4 36. b6 Nb4 37. Kf3 Re1 38. Rxc7+ Ke6 39. b7 Na6 40. Rc6 Nb8
41. Rc8 Nd7 42. Re8+ Kxf5 43. Rxe1 1-0

[Event "SportAccord Basque w 2014"]
[Site "Beijing CHN"]
[Date "2014.12.16"]
[Round "3.15"]
[White "Paehtz, Elisabeth"]
[Black "Ushenina, Anna"]
[Result "0-1"]
[WhiteTitle "IM"]
[BlackTitle "GM"]
[WhiteElo "2485"]
[BlackElo "2494"]
[WhiteFideId "4641833"]
[BlackFideId "14110911"]
[EventDate "2014.12.16"]

1. e4 c5 2. Nc3 d6 3. f4 g6 4. Nf3 Bg7 5. Bb5+ Bd7 6. Bc4 Nc6 7. O-O Na5 8. Be2
Nc6 9. d3 Nd4 10. Nxd4 cxd4 11. Nb1 Rc8 12. Na3 e6 13. Nc4 Bb5 14. b3 Ne7 15. a4
Ba6 16. Ba3 Rc6 17. Bf3 O-O 18. Qd2 Bxc4 19. bxc4 Ra6 20. Bb4 Qd7 21. a5 Rb8 22.
Qe2 Nc6 23. Bd2 b5 24. Kh1 b4 25. Rfb1 Qc7 26. f5 Rxa5 27. fxe6 fxe6 28. Bg4 Re8
29. Rxa5 Qxa5 30. Qe1 h5 31. Bh3 g5 32. g4 h4 33. Bxb4 Nxb4 34. Qxb4 Qe5 35. Qb5
Rf8 36. Qxe5 Bxe5 37. Kg1 a5 38. Ra1 Ra8 39. Ra4 Kf7 40. Bf1 Ke7 41. Be2 Kd7 42.
h3 Kc7 43. Bd1 Kb6 44. Kf2 Ka6 45. c3 Rf8+ 46. Ke2 dxc3 47. Ke3 Rf1 48. Bc2 Rh1
49. c5 Rxh3+ 50. Ke2 Rh2+ 51. Kd1 dxc5 52. Ra2 Rd2+ 53. Kc1 h3 54. d4 cxd4 55.
Bb3 Rxa2 56. Bxa2 h2 0-1

[Event "SportAccord Basque w 2014"]
[Site "Beijing CHN"]
[Date "2014.12.16"]
[Round "3.16"]
[White "Ushenina, Anna"]
[Black "Paehtz, Elisabeth"]
[Result "1-0"]
[WhiteTitle "GM"]
[BlackTitle "IM"]
[WhiteElo "2494"]
[BlackElo "2485"]
[WhiteFideId "14110911"]
[BlackFideId "4641833"]
[EventDate "2014.12.16"]

1. d4 d5 2. Nf3 Nf6 3. e3 c6 4. c4 g6 5. Be2 Bg7 6. O-O O-O 7. Nc3 Bg4 8. cxd5
Nxd5 9. h3 Bxf3 10. Bxf3 e6 11. Ne4 Nd7 12. b3 Qe7 13. Bb2 e5 14. Rc1 f5 15. Nc3
Nxc3 16. Bxc3 e4 17. Be2 Nb6 18. b4 Nd5 19. Qb3 Kh8 20. g3 b5 21. Bd2 Qe6 22. a4
a6 23. Rc5 Rad8 24. Rfc1 Rd6 25. Qa3 g5 26. axb5 axb5 27. Qa6 Ne7 28. Bc3 f4 29.
Rxg5 Nd5 30. gxf4 Qxh3 31. Bf1 Qh4 32. Qb7 Bh6 33. Rg2 Rg8 34. Rxg8+ Kxg8 35.
Qb8+ Bf8 36. Bg2 Rg6 37. f5 Rd6 38. Be1 Qg4 39. Qc8 Ne7 40. Qe8 Nxf5 41. Qxe4
Qg6 42. Rxc6 Rxc6 43. Qxc6 Bd6 44. Qxb5 h5 45. Qd5+ Kh7 46. Qe4 Qg5 47. Kf1 Kh6
48. Qe6+ Qg6 49. Qxg6+ Kxg6 50. b5 Bc7 51. Bb4 h4 52. Bc5 Kg5 53. Bh3 Ng7 54. b6
Bb8 55. Be7+ Kg6 56. Bxh4 Ne8 57. Bd7 Nd6 58. Bg3 Kf7 59. Ke2 Nc4 60. Bxb8 Nxb6
61. Bc6 1-0

[Event "SportAccord Basque w 2014"]
[Site "Beijing CHN"]
[Date "2014.12.17"]
[Round "4.1"]
[White "Zhao, Xue"]
[Black "Hou, Yifan"]
[Result "1/2-1/2"]
[WhiteTitle "GM"]
[BlackTitle "GM"]
[WhiteElo "2514"]
[BlackElo "2673"]
[WhiteFideId "8601283"]
[BlackFideId "8602980"]
[EventDate "2014.12.16"]

1. d4 e6 2. c4 b6 3. Nc3 Bb4 4. Qc2 Bb7 5. a3 Bxc3+ 6. Qxc3 f5 7. b3 Nf6 8. Bb2
O-O 9. Nh3 Ne4 10. Qc2 Ng5 11. Nf4 c5 12. d5 Qc7 13. Qc3 Rf7 14. Qe3 exd5 15.
Qe8+ Rf8 16. Qe7 Nf7 17. Ne6 Qd6 18. Qxf8+ Qxf8 19. Nxf8 Kxf8 20. e3 dxc4 21.
Bxc4 d5 22. Be2 Nc6 23. O-O-O Rd8 24. h4 Rd6 25. Rd2 Ne7 26. Bf3 Rd7 27. Rhd1
Nd6 28. Rc2 Kf7 29. g4 g6 30. Rg1 Rd8 31. Be5 Ne4 32. Rd1 Re8 33. Bf4 Bc8 34.
gxf5 Bxf5 35. Kb2 Ke6 36. Rg1 h5 37. Re2 Ng8 38. Bg2 c4 39. bxc4 dxc4 40. f3 Nc5
41. e4 Kf7 42. Be3 Na4+ 43. Kc2 Be6 44. Bf1 Ne7 45. Rd2 Nc6 46. Bf4 Nc5 47. Rd6
Rc8 48. Be3 Ne5 49. Rg3 Ned3 50. Bh3 Bxh3 51. Rxh3 Rc7 52. Rg3 Ne6 53. Kc3 Ke7
54. Rd5 Kf7 55. Rg1 Nef4 56. Bxf4 Nxf4 57. Rd2 Nd3 58. Rg5 a6 59. Rdg2 Rc6 60.
f4 Nxf4 61. Rf2 Rf6 62. Kxc4 b5+ 63. Kb3 Ne6 64. Rxf6+ Kxf6 65. Rd5 g5 66. hxg5+
Nxg5 67. Rd6+ Kg7 68. e5 h4 69. Rf6 h3 70. Rf4 a5 71. Rh4 Kg6 72. Kb2 Kf5 73.
Rh5 Kg4 74. Rh6 Kg3 75. Rg6 Kf4 76. e6 Nxe6 77. Rxe6 h2 78. Rh6 Kg3 79. Kc3 b4+
80. axb4 axb4+ 81. Kxb4 Kg2 1/2-1/2

[Event "SportAccord Basque w 2014"]
[Site "Beijing CHN"]
[Date "2014.12.17"]
[Round "4.2"]
[White "Hou, Yifan"]
[Black "Zhao, Xue"]
[Result "1-0"]
[WhiteTitle "GM"]
[BlackTitle "GM"]
[WhiteElo "2673"]
[BlackElo "2514"]
[WhiteFideId "8602980"]
[BlackFideId "8601283"]
[EventDate "2014.12.16"]

1. e4 e5 2. Nf3 Nc6 3. Bb5 Nf6 4. d3 Bc5 5. Bxc6 bxc6 6. Nxe5 O-O 7. O-O d5 8.
d4 Bb6 9. Nxc6 Qd6 10. exd5 Nxd5 11. Ne5 Bb7 12. Na3 Nf6 13. Be3 Rad8 14. Nf3
Ng4 15. Re1 Bxf3 16. Qxf3 Qxh2+ 17. Kf1 Qh4 18. Qh3 Qxh3 19. gxh3 Nf6 20. c3 c6
21. Nc4 Bc7 22. Bg5 Rd7 23. Bxf6 gxf6 24. Re3 Rd5 25. Re7 Bb8 26. Ke2 c5 27.
Rg1+ Kh8 28. Ne3 Rh5 29. dxc5 Rxc5 30. c4 Rh5 31. Ng4 Rxh3 32. Nxf6 Rh6 33. Nd5
Re6+ 34. Kd3 h5 35. Rh1 Rh6 36. Ne3 Rh7 37. Re4 Rg8 38. b4 Rd8+ 39. Kc2 Kg7 40.
c5 Kf6 41. b5 Bc7 42. a4 Rd7 43. c6 Rd8 44. Nc4 Rd5 45. Ne3 Rg5 46. Rd1 Kg6 47.
Nd5 Ba5 48. Rc4 h4 49. b6 axb6 50. c7 b5 51. c8=Q bxc4 52. Qc6+ 1-0

[Event "SportAccord Basque w 2014"]
[Site "Beijing CHN"]
[Date "2014.12.17"]
[Round "4.5"]
[White "Stefanova, Antoaneta"]
[Black "Muzychuk, Anna"]
[Result "1-0"]
[WhiteTitle "GM"]
[BlackTitle "GM"]
[WhiteElo "2517"]
[BlackElo "2545"]
[WhiteFideId "2902257"]
[BlackFideId "14111330"]
[EventDate "2014.12.16"]

1. d4 Nf6 2. Nf3 c5 3. e3 d5 4. Nbd2 cxd4 5. exd4 Nc6 6. c3 g6 7. Bd3 Bg7 8. O-O
O-O 9. Re1 Bf5 10. Bxf5 gxf5 11. Nf1 e6 12. Ng3 Rc8 13. Bf4 b5 14. Ne5 Qb6 15.
Nh5 Nxh5 16. Qxh5 Nxe5 17. Bxe5 Bxe5 18. Rxe5 Kh8 19. Re3 Qc7 20. Rh3 f6 21. Re1
Rfe8 22. Rhe3 Qd7 23. Qe2 b4 24. cxb4 Rc4 25. Qd2 Qd6 26. a3 e5 27. Rg3 e4 28.
Qh6 Rc7 29. Qh5 Qe6 30. Qh6 Qd6 31. h3 Rg8 32. Rxg8+ Kxg8 33. Rc1 Rc4 34. b3
Rxc1+ 35. Qxc1 Qa6 36. a4 Qd3 37. Qc8+ Kg7 38. Qd7+ Kg6 39. Qxd5 f4 40. Qg8+ Kh6
41. Qg4 Qd2 42. Qf5 Qe1+ 43. Kh2 Qxf2 44. Qxf6+ Kh5 45. Qf5+ Kh6 46. Qxe4 Kg5
47. d5 Qg3+ 48. Kh1 Qxb3 49. a5 Qc3 50. d6 Qd2 51. Qe7+ Kg6 52. d7 f3 53. gxf3
Qc1+ 54. Kg2 Qc2+ 55. Kg3 Qc7+ 56. Kf2 Qh2+ 57. Ke3 Qg1+ 58. Kd3 Qd1+ 59. Kc4
Qc2+ 60. Kb5 Qd3+ 61. Kc6 Qxf3+ 62. Kc7 Qc3+ 63. Qc5 Qg3+ 64. Qd6+ Qxd6+ 65.
Kxd6 1-0

[Event "SportAccord Basque w 2014"]
[Site "Beijing CHN"]
[Date "2014.12.17"]
[Round "4.6"]
[White "Muzychuk, Anna"]
[Black "Stefanova, Antoaneta"]
[Result "1-0"]
[WhiteTitle "GM"]
[BlackTitle "GM"]
[WhiteElo "2545"]
[BlackElo "2517"]
[WhiteFideId "14111330"]
[BlackFideId "2902257"]
[EventDate "2014.12.16"]

1. e4 g6 2. f4 Bg7 3. Nf3 c5 4. Nc3 Nc6 5. g3 Rb8 6. Bg2 b5 7. d3 d6 8. O-O b4
9. Ne2 e5 10. Rb1 Nge7 11. Be3 Qa5 12. Qd2 O-O 13. a3 Qc7 14. axb4 Rxb4 15. b3
f5 16. fxe5 Nxe5 17. Nxe5 Bxe5 18. Bh6 Re8 19. Nf4 Kh8 20. Rbe1 Rb8 21. Bg5 Ng8
22. Nd5 Qg7 23. exf5 Bxf5 24. Kh1 h6 25. Bf4 Rbd8 26. Bxe5 Rxe5 27. Rxe5 Qxe5
28. Re1 Qg7 29. Qf4 a5 30. h4 h5 31. Qg5 Rf8 32. Nf4 Qh6 33. Be4 Qxg5 34. hxg5
Kh7 35. Bd5 Kg7 36. Ra1 Re8 37. Rxa5 Re1+ 38. Kg2 Ne7 39. Ra7 Kf8 40. Ra8+ Kg7
41. Re8 Bd7 42. Rd8 Bg4 43. Rxd6 Rc1 44. c4 Rc2+ 45. Kg1 Rc3 46. Be4 Rxb3 47.
Nxg6 Nxg6 48. Rxg6+ Kf7 49. Rc6 Rb1+ 50. Kf2 Rb2+ 51. Ke3 Re2+ 52. Kf4 Rf2+ 53.
Ke5 Rg2 54. Rxc5 Rxg3 55. Rc7+ Kf8 56. g6 Bh3 57. Kf6 h4 58. g7+ Ke8 59. Bg6+ 1-0

[Event "SportAccord Basque w 2014"]
[Site "Beijing CHN"]
[Date "2014.12.17"]
[Round "4.7"]
[White "Kosintseva, Tatiana"]
[Black "Dzagnidze, Nana"]
[Result "1/2-1/2"]
[WhiteTitle "GM"]
[BlackTitle "GM"]
[WhiteElo "2483"]
[BlackElo "2570"]
[WhiteFideId "4133471"]
[BlackFideId "13601903"]
[EventDate "2014.12.16"]

1. e4 c5 2. Nf3 a6 3. Nc3 b5 4. d4 cxd4 5. Nxd4 Bb7 6. Bd3 Nc6 7. Be3 e6 8. O-O
Nge7 9. Nb3 Ng6 10. f4 Rc8 11. Qe2 Be7 12. e5 Nb4 13. Rad1 Qc7 14. Ne4 Nd5 15.
Bc1 O-O 16. c3 d6 17. exd6 Bxd6 18. Nxd6 Qxd6 19. Qf2 Qc7 20. f5 exf5 21. Bxf5
Rce8 22. Nc5 Nf6 23. Nxb7 Qxb7 24. Rfe1 Rxe1+ 25. Rxe1 Re8 26. Rxe8+ Nxe8 27.
Be3 Nd6 28. Bd3 Ne5 29. Bf1 Ng4 30. Qf4 Nxe3 31. Qxd6 Qc8 32. Be2 g6 33. Qe5 Nc4
34. Bxc4 Qxc4 35. a3 Qd3 36. Qe8+ Kg7 37. Qe5+ Kg8 38. Qe8+ Kg7 39. Qe5+ Kg8 1/2-1/2

[Event "SportAccord Basque w 2014"]
[Site "Beijing CHN"]
[Date "2014.12.17"]
[Round "4.8"]
[White "Dzagnidze, Nana"]
[Black "Kosintseva, Tatiana"]
[Result "1-0"]
[WhiteTitle "GM"]
[BlackTitle "GM"]
[WhiteElo "2570"]
[BlackElo "2483"]
[WhiteFideId "13601903"]
[BlackFideId "4133471"]
[EventDate "2014.12.16"]

1. d4 Nf6 2. c4 e6 3. Nf3 Bb4+ 4. Bd2 a5 5. e3 d6 6. Bd3 Nbd7 7. O-O O-O 8. Nc3
e5 9. Qc2 h6 10. a3 Bxc3 11. Bxc3 Qe7 12. dxe5 dxe5 13. Bf5 e4 14. Nd2 Re8 15.
b4 axb4 16. axb4 Rxa1 17. Rxa1 Nb6 18. Bxc8 Nxc8 19. c5 Nd5 20. h3 b5 21. Ra8 f5
22. Nf1 Qf7 23. Ng3 Nce7 24. Ra6 Rd8 25. Qb2 h5 26. h4 c6 27. Ra7 Qg6 28. Be5
Qg4 29. Bd6 Nc8 30. Ra8 Re8 31. Be5 Nd6 32. Rxe8+ Nxe8 33. Qa2 Qg6 34. Ne2 Kh7
35. Nf4 Nxf4 36. exf4 Nf6 37. Bxf6 Qxf6 38. g3 Qg6 39. Qd2 Qe6 40. Qd6 Qb3 41.
Qd7 Qb1+ 42. Kh2 Qxb4 43. Qxf5+ Kg8 44. Qe6+ Kh7 45. Qxc6 Qe1 46. Kg2 Qe2 47.
Qd5 b4 48. c6 Qc2 49. Qxh5+ Kg8 50. Qd5+ Kh7 51. Qf5+ Kg8 52. Qe6+ Kh7 53. Qf5+
Kg8 54. Qd5+ Kh7 55. Qh5+ Kg8 56. Qd5+ Kh7 57. Qf5+ Kg8 58. Qe6+ Kh8 59. c7 Qxc7
60. Qe8+ Kh7 61. Qxe4+ Kh8 62. Qxb4 Qc6+ 63. Kh2 Qf3 64. Qd4 Qe2 65. Qe3 Qd1 66.
f5 Qc2 67. f6 gxf6 68. Qh6+ Kg8 69. Qxf6 Qe2 70. Qf5 Qd1 71. h5 Qd2 72. Qg6+ Kh8
73. Qf6+ Kg8 74. h6 1-0

[Event "SportAccord Basque w 2014"]
[Site "Beijing CHN"]
[Date "2014.12.17"]
[Round "4.9"]
[White "Ju, Wenjun"]
[Black "Ushenina, Anna"]
[Result "1/2-1/2"]
[WhiteTitle "GM"]
[BlackTitle "GM"]
[WhiteElo "2568"]
[BlackElo "2494"]
[WhiteFideId "8603006"]
[BlackFideId "14110911"]
[EventDate "2014.12.16"]

1. Nf3 d5 2. c4 dxc4 3. Na3 a6 4. Nxc4 b5 5. Ne3 Bb7 6. g3 e6 7. Bg2 Nf6 8. O-O
c5 9. b3 Be7 10. Bb2 Nbd7 11. d4 O-O 12. Rc1 Rc8 13. h3 Qb6 14. Ng4 Rfd8 15. Qd3
h6 16. Nxf6+ Bxf6 17. dxc5 Nxc5 18. Qb1 Bxb2 19. Qxb2 Bd5 20. Rfd1 Ne4 21. e3
Qb7 22. Ne1 Nf6 23. Bxd5 Rxd5 24. Rxc8+ Qxc8 25. Rxd5 Nxd5 26. Qc2 Qb7 27. Nd3
Nf6 28. Ne5 Ne4 29. h4 Nf6 30. Qc5 Nd5 31. Qd6 Qc7 32. Qxc7 Nxc7 33. Kf1 Nd5 34.
a3 Nc3 35. Ke1 a5 36. Nc6 a4 37. bxa4 bxa4 38. Nb4 Nb5 39. Nc2 Nd6 40. f3 e5 41.
Kd2 e4 42. f4 Nf5 43. g4 Nxh4 44. Kc3 f5 45. g5 Ng2 46. gxh6 gxh6 47. Kd2 h5 48.
Ke2 Nh4 49. Nd4 Kf7 50. Kf2 Kf6 51. Kg3 Ng6 52. Nc6 Nf8 53. Kh4 Ne6 54. Kxh5 Nc5
55. Nb4 Nb3 56. Nd5+ Ke6 57. Nc3 Nc5 58. Kg5 Nd3 59. Nxa4 Ne1 60. Nc5+ Kd5 61.
Nd7 Ke6 62. Nf8+ Kf7 63. Ng6 Ke6 64. Nf8+ Kf7 65. Nd7 Ke6 66. Nc5+ Kd5 67. Na4
Ke6 68. Nc5+ Kd5 69. Nd7 Ke6 70. Nf8+ Kf7 71. Nd7 Ke6 72. Nc5+ Kd5 73. Nd7 Ke6
74. Nc5+ Kd5 75. Nd7 Ke6 76. Nc5+ Kd5 77. Nd7 Ke6 78. Nc5+ 1/2-1/2

[Event "SportAccord Basque w 2014"]
[Site "Beijing CHN"]
[Date "2014.12.17"]
[Round "4.10"]
[White "Ushenina, Anna"]
[Black "Ju, Wenjun"]
[Result "0-1"]
[WhiteTitle "GM"]
[BlackTitle "GM"]
[WhiteElo "2494"]
[BlackElo "2568"]
[WhiteFideId "14110911"]
[BlackFideId "8603006"]
[EventDate "2014.12.16"]

1. d4 d6 2. g3 g6 3. Bg2 Bg7 4. e4 Nf6 5. Ne2 O-O 6. h3 e5 7. Nbc3 Nbd7 8. O-O
a6 9. a4 c6 10. a5 Re8 11. Re1 Qc7 12. Be3 exd4 13. Bxd4 c5 14. Be3 Ne5 15. Bg5
Be6 16. Nf4 Nc4 17. Bxf6 Bxf6 18. Ncd5 Bxd5 19. Nxd5 Qd8 20. Nxf6+ Qxf6 21. b3
Ne5 22. f4 Nc6 23. Qd3 Rad8 24. c3 Qe7 25. Kh2 Qc7 26. Qd5 Nxa5 27. b4 Nc6 28.
bxc5 dxc5 29. Qxc5 Rd2 30. Qe3 Red8 31. Re2 R2d3 32. Qc5 Qd7 33. e5 Ne7 34. Rb1
b5 35. Rbe1 Rc8 36. Qb6 Qe6 37. Qa7 Rcxc3 38. g4 Nd5 39. f5 gxf5 40. gxf5 Qxf5
41. e6 Qf4+ 42. Kg1 fxe6 43. Re4 Qc7 44. Rg4+ Kh8 45. Qxa6 Rc1 46. Qxe6 Qb6+ 47.
Kh2 Qxe6 48. Rxe6 Rc8 49. Re5 Rd8 50. Rgg5 Nc3 51. Re7 R3d7 52. Re3 b4 53. Rc5
Rg8 54. Rc4 Rd2 55. Rg3 Nd1 56. Rxb4 Ne3 57. Rxg8+ Kxg8 58. Kh1 Rxg2 59. Re4 Rg3
60. h4 Rf3 61. Kh2 Kg7 62. Re6 Kf7 63. Re4 Kf6 64. Ra4 Nf5 65. Kg2 Rd3 66. Kh2
Rd4 67. Ra6+ Kg7 68. Ra7+ Kg6 69. h5+ Kh6 70. Rf7 Rh4+ 71. Kg2 Rxh5 72. Kf3 Kg6
73. Rf8 h6 74. Kf4 Ng7 75. Kg3 Rg5+ 76. Kh4 Nf5+ 77. Kh3 Kg7 78. Ra8 h5 79. Ra7+
Kh6 80. Ra6+ Rg6 81. Ra5 Kg5 82. Rb5 Re6 83. Ra5 Re3+ 84. Kg2 h4 85. Rb5 Rd3 86.
Ra5 Kg4 87. Ra2 Ne3+ 88. Kh2 Rd2+ 89. Rxd2 Nf1+ 0-1

[Event "SportAccord Basque w 2014"]
[Site "Beijing CHN"]
[Date "2014.12.17"]
[Round "4.11"]
[White "Gunina, Valentina"]
[Black "Harika, Dronavalli"]
[Result "1/2-1/2"]
[WhiteTitle "GM"]
[BlackTitle "GM"]
[WhiteElo "2522"]
[BlackElo "2505"]
[WhiteFideId "4167570"]
[BlackFideId "5015197"]
[EventDate "2014.12.16"]

1. d4 Nf6 2. c4 g6 3. Nc3 d5 4. Nf3 Bg7 5. cxd5 Nxd5 6. e4 Nxc3 7. bxc3 c5 8.
Be2 O-O 9. O-O Bg4 10. Be3 cxd4 11. cxd4 Bxf3 12. Bxf3 Nc6 13. d5 Ne5 14. Be2
Qa5 15. Rb1 Qxa2 16. Bd4 Qa3 17. Rxb7 Rfb8 18. Qb1 Rc8 19. Bb2 Qd6 20. Qa1 Rcb8
21. Rxb8+ Rxb8 22. Ba3 Qd7 23. Qd1 Rc8 24. Qb3 a5 25. h3 a4 26. Qb4 Bf8 27. Rd1
Qa7 28. Qd4 Qxd4 29. Rxd4 Rc2 30. Bb5 f5 31. f4 Nf7 32. e5 g5 33. g3 Rc3 34. Rd3
Rxd3 35. Bxd3 gxf4 36. gxf4 Bh6 37. Bxe7 Bxf4 38. d6 Nxe5 39. Bxf5 Be3+ 40. Kg2
Bc5 41. Be6+ Kg7 42. Ba2 a3 43. Kg3 Nc6 44. Kg4 Nb4 45. Bb3 a2 46. Bxa2 Nxa2 47.
Kf5 Kf7 48. Ke5 Nb4 49. Bg5 Nd3+ 50. Kd5 Bxd6 51. Kxd6 1/2-1/2

[Event "SportAccord Basque w 2014"]
[Site "Beijing CHN"]
[Date "2014.12.17"]
[Round "4.12"]
[White "Harika, Dronavalli"]
[Black "Gunina, Valentina"]
[Result "1-0"]
[WhiteTitle "GM"]
[BlackTitle "GM"]
[WhiteElo "2505"]
[BlackElo "2522"]
[WhiteFideId "5015197"]
[BlackFideId "4167570"]
[EventDate "2014.12.16"]

1. d4 d5 2. c4 c6 3. Nf3 Nf6 4. Nc3 a6 5. e3 e6 6. Qc2 c5 7. cxd5 exd5 8. Be2
Nc6 9. O-O Be6 10. Rd1 cxd4 11. Nxd4 Nxd4 12. Rxd4 Bc5 13. Rd1 Qe7 14. Bf3 Rd8
15. a3 O-O 16. b4 Ba7 17. Bb2 Rc8 18. Qd3 Rfd8 19. Ne2 Bd7 20. Nf4 Ba4 21. Rd2
Ne4 22. Nxd5 Rxd5 23. Qxd5 Nxd2 24. Qxd2 Rc2 25. Qd1 Rxf2 26. Qxa4 Rxb2 27. Re1
g6 28. Qd1 Ra2 29. Qd3 Qh4 30. Rf1 Bb8 31. h3 Qg3 32. Be2 Qh2+ 33. Kf2 Bg3+ 34.
Kf3 Bh4 35. Qc4 Qg3+ 36. Ke4 Qxg2+ 37. Rf3 Bf6 38. Qxa2 Kg7 39. Kd3 Qg5 40. Qc4
b5 41. Qe4 Qg1 42. Rf1 Qh2 43. Qf4 1-0

[Event "SportAccord Basque w 2014"]
[Site "Beijing CHN"]
[Date "2014.12.17"]
[Round "4.13"]
[White "Cramling, Pia"]
[Black "Khotenashvili, Bela"]
[Result "0-1"]
[WhiteTitle "GM"]
[BlackTitle "GM"]
[WhiteElo "2518"]
[BlackElo "2504"]
[WhiteFideId "1700030"]
[BlackFideId "13602640"]
[EventDate "2014.12.16"]

1. d4 g6 2. c4 Bg7 3. e4 d6 4. Nc3 c5 5. d5 e6 6. Bd3 Ne7 7. h4 exd5 8. cxd5 h6
9. Bf4 a6 10. a4 Qb6 11. Qc2 Nd7 12. Nf3 Nf6 13. a5 Qd8 14. Nd2 Nh5 15. Bh2 g5
16. Nc4 Nf4 17. O-O-O Neg6 18. Kb1 Ne5 19. Nxe5 Bxe5 20. hxg5 hxg5 21. Bxf4 Rxh1
22. Rxh1 gxf4 23. g3 f3 24. Qd1 Qxa5 25. Qxf3 Bd7 26. Bc2 O-O-O 27. Nd1 f6 28.
Qe2 Bd4 29. Rh7 Qb4 30. g4 a5 31. Rh3 a4 32. f4 Rg8 33. Rg3 Rh8 34. Qg2 Qe1 35.
g5 fxg5 36. Rxg5 Rh1 37. Ka2 Bb5 38. Rg8+ Kc7 39. Rf8 Rg1 40. Qh3 Kb6 41. Qc8
Bc4+ 42. Kb1 Qxd1+ 0-1

[Event "SportAccord Basque w 2014"]
[Site "Beijing CHN"]
[Date "2014.12.17"]
[Round "4.14"]
[White "Khotenashvili, Bela"]
[Black "Cramling, Pia"]
[Result "0-1"]
[WhiteTitle "GM"]
[BlackTitle "GM"]
[WhiteElo "2504"]
[BlackElo "2518"]
[WhiteFideId "13602640"]
[BlackFideId "1700030"]
[EventDate "2014.12.16"]

1. d4 Nf6 2. Nf3 e6 3. Bf4 b6 4. e3 Bb7 5. Nbd2 d6 6. h3 Nbd7 7. Bd3 Qe7 8. Bg3
g6 9. O-O Bg7 10. a4 a6 11. a5 b5 12. c4 e5 13. dxe5 dxe5 14. Be2 b4 15. Qc2 Nh5
16. Bh4 Bf6 17. Bxf6 Nhxf6 18. c5 Nxc5 19. Rfc1 Nfd7 20. Nb3 Nxb3 21. Qxb3 c5
22. Bc4 Bxf3 23. gxf3 O-O 24. Bd5 Rab8 25. Qc4 Qg5+ 26. Kh2 Nf6 27. Rd1 e4 28.
f4 Qh5 29. Kg2 Qf3+ 30. Kg1 Qxh3 31. Bxe4 Ng4 32. Bg2 Qh2+ 33. Kf1 Qh4 34. Qe2
Rfd8 35. f3 Nh6 36. e4 Qxf4 37. Kg1 Rd6 38. Rxd6 Qxd6 39. Rd1 Qe6 40. Qe3 Kg7
41. Qxc5 Rb5 42. Qd4+ Qe5 43. Qxe5+ Rxe5 44. Rd4 Rxa5 45. Rxb4 Ng8 46. Bf1 Ra1
47. Kf2 h5 48. Bc4 Nh6 49. Rb7 Ra4 50. Bd5 g5 51. Ra7 h4 52. Kg2 Kg6 53. Rb7 a5
54. Rb6+ Kg7 55. Ra6 Ra1 56. b4 a4 57. b5 Rb1 58. b6 g4 59. fxg4 Nxg4 60. Bc6
Ne5 61. Bd5 Nd3 62. Ba8 Nf4+ 63. Kf3 Rf1+ 64. Kg4 h3 65. Rxa4 h2 66. e5 Ng6 67.
Rb4 h1=Q 68. Bxh1 Rxh1 69. b7 Rh4+ 0-1

[Event "SportAccord Basque w 2014"]
[Site "Beijing CHN"]
[Date "2014.12.17"]
[Round "4.15"]
[White "Muzychuk, Mariya"]
[Black "Paehtz, Elisabeth"]
[Result "1-0"]
[WhiteTitle "IM"]
[BlackTitle "IM"]
[WhiteElo "2529"]
[BlackElo "2485"]
[WhiteFideId "14114550"]
[BlackFideId "4641833"]
[EventDate "2014.12.16"]

1. e4 d5 2. exd5 Qxd5 3. Nc3 Qd6 4. d4 Nf6 5. Nf3 g6 6. g3 Bg7 7. Bg2 O-O 8. O-O
Nc6 9. a3 Bg4 10. d5 Ne5 11. Bf4 Nfd7 12. h3 Bxf3 13. Bxf3 Qb6 14. Rb1 Rad8 15.
Re1 c6 16. Bg2 Rfe8 17. Qe2 e6 18. dxc6 Nxc6 19. Nb5 Nd4 20. Nxd4 Bxd4 21. c3
Bg7 22. Rbd1 Nc5 23. Be3 Qc7 24. Qc4 Rc8 25. Qxc5 Qxc5 26. Bxc5 Rxc5 27. Rd7 Rb8
28. Red1 Bf6 29. a4 Rc4 30. Ra1 b5 31. axb5 Rc5 32. Raxa7 Rcxb5 33. Rxf7 Bh8 34.
Rxh7 Rxb2 35. Rh6 Bxc3 36. Rxg6+ Kf8 37. Rg4 Rd8 38. Rf4+ Kg8 39. Re7 Re2 40.
Be4 Rd6 41. Bh7+ 1-0

[Event "SportAccord Basque w 2014"]
[Site "Beijing CHN"]
[Date "2014.12.17"]
[Round "5.1"]
[White "Hou, Yifan"]
[Black "Koneru, Humpy"]
[Result "1-0"]
[WhiteTitle "GM"]
[BlackTitle "GM"]
[WhiteElo "2673"]
[BlackElo "2581"]
[WhiteFideId "8602980"]
[BlackFideId "5008123"]
[EventDate "2014.12.16"]

1. e4 e5 2. Bc4 Nf6 3. d3 c6 4. Nf3 d5 5. Bb3 Bb4+ 6. Bd2 Bxd2+ 7. Qxd2 Qd6 8.
Qg5 Nbd7 9. exd5 cxd5 10. Nh4 g6 11. O-O h6 12. Qd2 Kf8 13. d4 e4 14. Nc3 Kg7
15. f3 Re8 16. Rae1 e3 17. Qd3 Nb8 18. f4 b6 19. Nb5 Qe7 20. Rf3 Ng4 21. g3 Nc6
22. f5 g5 23. f6+ Nxf6 24. Rfxe3 Qd8 25. Rxe8 Nxe8 26. Nf3 Ba6 27. a4 Nf6 28.
Ne5 Rc8 29. c3 Ne7 30. Rf1 Bxb5 31. axb5 Qd6 32. Bc2 Rf8 33. Qf3 Qe6 34. Ra1 Ra8
35. Re1 Qd6 36. Re2 a6 37. bxa6 Rxa6 38. Rf2 Ra8 39. Ng4 Neg8 40. Ne3 Kh8 41.
Nf5 Qd7 42. Nxh6 Qh3 43. Nxf7+ Kg7 44. Nxg5 Ra1+ 45. Rf1 Rxf1+ 46. Qxf1 Qg4 47.
Qf5 Qxf5 48. Bxf5 Ne7 49. Bd3 Nc6 50. Kg2 1-0